Nâng cao hiệu quả hoạt động mạng đô thị thành phố Đà Nẵng bằng kỹ thuật lưu lượng trong MPLS
Nghiên cứu kỹ thuật lưu lượng trong MPLS để ứng dụng vào mạng đô thị thành phố Đà Nẵng nhằm nâng cao hiệu quả hoạt động của hệ thống, đặc biệt chú trọng các vấn đề là chống nghẽn mạng; thiết lập chế độ ưu tiên đối với các luồng dữ liệu quan trọng trong Mạng đô thị thành phố và sử dụng hiệu quả tài n...
Kaydedildi:
| Yazar: | |
|---|---|
| Diğer Yazarlar: | |
| Materyal Türü: | Kitap |
| Dil: | Vietnamese |
| Baskı/Yayın Bilgisi: |
Đà Nẵng
Đại học Đà Nẵng
2016
|
| Konular: | |
| Etiketler: |
Etiketle
Etiket eklenmemiş, İlk siz ekleyin!
|
| Thư viện lưu trữ: | Mạng thư viện Đại học Đà Nẵng |
|---|
| LEADER | 01976nam a2200361 4500 | ||
|---|---|---|---|
| 001 | 000024138 | ||
| 003 | 20617 | ||
| 005 | 20161221101237.0 | ||
| 008 | 161012s2016 viesd | ||
| 041 | |a vie | ||
| 082 | 1 | 4 | |a 004.6 |b PH-C |
| 100 | 1 | |a Phan Hữu Can | |
| 245 | 1 | |a Nâng cao hiệu quả hoạt động mạng đô thị thành phố Đà Nẵng bằng kỹ thuật lưu lượng trong MPLS |c Phan Hữu Can ; Nguyễn Hoàng Hải hướng dẫn. |k Luận văn Thạc sĩ | |
| 260 | |a Đà Nẵng |b Đại học Đà Nẵng |c 2016 | ||
| 300 | |a 61 tr. ; phụ lục 7 tr. |c 29 cm. |e Tóm tắt | ||
| 500 | |a Luận văn thạc sĩ. Chuyên ngành: Hệ thống thông tin. Mã số: 60.48.01.04 | ||
| 520 | 3 | |a Nghiên cứu kỹ thuật lưu lượng trong MPLS để ứng dụng vào mạng đô thị thành phố Đà Nẵng nhằm nâng cao hiệu quả hoạt động của hệ thống, đặc biệt chú trọng các vấn đề là chống nghẽn mạng; thiết lập chế độ ưu tiên đối với các luồng dữ liệu quan trọng trong Mạng đô thị thành phố và sử dụng hiệu quả tài nguyên mạng. | |
| 650 | 0 | 4 | |a Internet |v Luận văn tốt nghiệp |x Mạng đô thị |z Đà Nẵng |
| 650 | 0 | 4 | |a Chương trình hệ thống (lập trình) |v Luận văn tốt nghiệp |x Mạng cục bộ |z Đà Nẵng |
| 653 | |a MPLS | ||
| 653 | |a Hệ thống thông tin | ||
| 653 | |a Mạng đô thị | ||
| 700 | 1 | |a Nguyễn Hoàng Hải |c TS. |e Hướng dẫn | |
| OWN | |a LSP | ||
| AVA | |a UDN50 |b LSP |d 004.6 PH-C |e available |t Error 5001 Not defined in file expand_doc_bib_avail. |f 1 |g 0 |h N |i 0 |k 1 | ||
| 999 | |a From the UDN01 | ||
| AVA | |a UDN50 |b LSP |d 004.6 PH-C |e available |t Error 5001 Not defined in file expand_doc_bib_avail. |f 1 |g 0 |h N |i 0 |k 1 | ||
| TYP | |a Monograph | ||
| TYP | |a Printed language | ||
| 980 | |a Mạng thư viện Đại học Đà Nẵng | ||